000 01300cam a2200289 i 4500
003 SA-RiAUC
005 20241016094814.0
008 241015s1983 su f 00000 ara c
040 _aSA-RiAUC
_bara
_cSA-RiAUC
_erda
082 0 4 _a237.6
090 _a237.6
_b ا ل ع
100 1 _aآل عبد اللطيف، عبد اللطيف بن إبراهيم،
_d1323-1416 هجري
_eمؤلف.
245 1 0 _aطريق الرشد إلى تخريج أحاديث بداية ابن رشد /
_cتأليف عبد اللطيف بن إبراهيم آل عبد اللطيف.
246 3 0 _aتخريج أحاديث بداية ابن رشد
264 1 _aالمدينة المنورة :
_bالجامعة الإسلامية،
_c1983
300 _a2 مجلد (510 صفحة ) ؛
_c24 سم
336 _aنص
_btxt
_2rdacontent
_3كتاب
337 _aبدون وسيط
_bn
_2rdamedia
338 _aمجلد
_bnc
_2rdacarrier
650 7 _aالحديث
_xمستخرجات
_2aucsh
650 7 _aالحديث
_xأحكام
_2aucsh
650 7 _aالحديث
_xرواية
_2aucsh
700 1 2 _aابن رشد، محمد بن أحمد بن محمد (الحفيد)،
_d520-595 هجري
740 0 2 _aبداية المجتهد ونهاية المقتصد.
942 _2ddc
_cBOOK
_n0
949 _aSA-JeALM
_d241015
_umohamedma123
_n1
999 _c1424
_d1424